| 000 | 01072nam a22002177a 4500 | ||
|---|---|---|---|
| 005 | 20100802135758.0 | ||
| 010 | _aHIN-89939 | ||
| 020 |
_a9788189559274 _c300.00 |
||
| 035 | _aHN-62285 | ||
| 037 | _bDBAD/PUB | ||
| 082 | _a821.09 | ||
| 100 |
_aरोहिताश्व _94170 |
||
| 245 |
_aनयी कविता: _cरोहिताश्व _bसम्प्रेषण की समस्या / |
||
| 246 |
_aNayee Kavita:Sampreshan Ki Samasya _bby Rohitashva |
||
| 260 |
_aदिल्ली _bमानसी पब्लिकेशन्स _c2009 |
||
| 270 |
_a1569, प्रथम मंजिल, चर्च रोड़, कश्मीरी गेट _bदिल्ली _e110006 _k011-23861151, मो.-09810303048 |
||
| 300 |
_a185पृ. _c22सेमी. (सजिल्द) |
||
| 700 | _93937 | ||
| 942 |
_2ddc _cHN _h821.09 _mरोहिता |
||
| 999 |
_c38650 _d38650 |
||